000 00855nas a2200253 4500
001 BR0802095
003 BR-BrBNA
005 20231205111916.0
007 ta
008 230509b bl.|||p| |||| 00| 00por d
040 _aBR-BrBNA
_bpor
_cBiblioteca Nacional de Agricultura
041 _a(En)
072 _aL60
100 1 _aPinto, R.M.
100 1 _aVicente, J.J.
100 1 _aRodrigues, H. de O.
245 1 _aFirst report of Thelazia californiensis prince (Nematoda, Thelazoidea)in South America from the eyes a brasilian deer, Mazama gouazzoupira (Fischer)(Mammalia, Cervidae)
650 _aNEMATOIDE
650 _aTAXONOMIA ANIMAL
650 _aVEADO
773 0 _tRevista Brasileira de Zoologia (Brazil)
_xISSN 0101-8175
_g(Dec 1998), v. 15(4) p. 1121-1124
_wBR0802095
909 _a202311
_bLúcia
_c55
_dLúcia Elande
942 _2AGRIS
_n0
_cANA
999 _c195089
_d195089